000 01381nam a2200337Ia 4500
001 ebr10510542
003 CaPaEBR
006 m u
007 cr cn|||||||||
008 111018s2011 enka sb 001 0 eng d
020 _z9780470665459
020 _z9780470976166
040 _aCaPaEBR
_cCaPaEBR
035 _a(OCoLC)703209309
050 1 4 _aTK5105.573
_b.M56 2011eb
100 1 _aMinei, Ina.
245 1 0 _aMPLS-enabled applications
_h[electronic resource] :
_bemerging developments and new technologies /
_cIna Minei, Julian Lucek.
250 _a3rd ed.
260 _aChichester, England ;
_aHoboken, NJ :
_bWiley,
_cc2011.
300 _axxxiii, 593 p. :
_bill.
490 1 _aWiley series in communications networking & distributed systems
504 _aIncludes bibliographical references and index.
533 _aElectronic reproduction.
_bPalo Alto, Calif. :
_cebrary,
_d2013.
_nAvailable via World Wide Web.
_nAccess may be limited to ebrary affiliated libraries.
650 0 _aMPLS standard.
650 0 _aExtranets (Computer networks)
655 7 _aElectronic books.
_2local
700 1 _aLucek, Julian.
710 2 _aebrary, Inc.
830 0 _aWiley series in communications networking & distributed systems.
856 4 0 _uhttp://site.ebrary.com/lib/rucke/Doc?id=10510542
_zAn electronic book accessible through the World Wide Web; click to view
999 _c223519
_d223519